UBT Library

Now you're talking! : (Record no. 44270)

000 -LEADER
fixed length control field 00714cam a2200229 a 4500
001 - CONTROL NUMBER
control field 12220810
005 - DATE AND TIME OF LATEST TRANSACTION
control field 20180307043434.0
008 - FIXED-LENGTH DATA ELEMENTS--GENERAL INFORMATION
fixed length control field 001102s2000 ctua f 001 0 eng
010 ## - LIBRARY OF CONGRESS CONTROL NUMBER
LC control number 00710706
020 ## - INTERNATIONAL STANDARD BOOK NUMBER
International Standard Book Number 0872597970
040 ## - CATALOGING SOURCE
Original cataloging agency DLC
Transcribing agency DLC
041 ## - LANGUAGE CODE
Language code of text/sound track or separate title eng
043 ## - GEOGRAPHIC AREA CODE
Geographic area code n-us---
080 ## - UNIVERSAL DECIMAL CLASSIFICATION NUMBER
Universal Decimal Classification number 62 WOL
082 ## - DEWEY DECIMAL CLASSIFICATION NUMBER
Classification number 62 WOL
100 ## - Rafti
Rafti 27
101 ## - Shkurtesa
Shkurtesa MEK
245 00 - TITLE STATEMENT
Title Now you're talking! :
Statement of responsibility, etc edited by Larry D. Wolfgang, Joel P. Kleinman ; production staff, David Pingree ... [et al.].
906 ## - LOCAL DATA ELEMENT F, LDF (RLIN)
a 7
b cbc
c origcop
d 2
e ncip
f 20
g y-gencatlg
942 ## - ADDED ENTRY ELEMENTS (KOHA)
Source of classification or shelving scheme
Item type Books
Holdings
Withdrawn status Lost status Source of classification or shelving scheme Damaged status Not for loan Collection code Permanent location Current location Shelving location Date acquired Total Checkouts Full call number Barcode Date last seen Price effective from Koha item type
          Koleksioni i përgjithshem UBT - Lipjan UBT - Lipjan Koleksioni i përgjithshem 03/07/2018   62 WOL 002-3000948 03/07/2018 03/07/2018 Books
UBT Library © 2015-2024. All rights reserved University Education for Business and Technology